A two years' cruise off Tierra del Fuego, the Falkland Islands, Patagonia, and in the River Plate: a narrative of life in the Southern Seas.
Guardat en:
| Autor principal: | |
|---|---|
| Format: | Llibre |
| Idioma: | anglès |
| Publicat: |
London, England, United Kingdom
Longman, Brown, Green, Longmans & Roberts
1857
|
| Matèries: | |
| Etiquetes: |
Afegir etiqueta
Sense etiquetes, Sigues el primer a etiquetar aquest registre!
|
MARC
| LEADER | 00000nam a2200000 a 4500 | ||
|---|---|---|---|
| 001 | UCJ3609 | ||
| 003 | CL-VaPUC | ||
| 005 | 20250227100113.0 | ||
| 008 | 070124e18570000UK |||||||||||||||||eng|d | ||
| 999 | |c 319731 |d 319729 | ||
| 040 | |c Pontificia Universidad Católica de Valparaíso | ||
| 082 | 0 | 4 | |a 910.4 PAR 1857 |2 21 |
| 100 | |a Snow, William Parker |e author |9 880529 | ||
| 245 | 1 | 2 | |a A two years' cruise off Tierra del Fuego, the Falkland Islands, Patagonia, and in the River Plate: a narrative of life in the Southern Seas. |
| 260 | 0 | 3 | |a London, England, United Kingdom |b Longman, Brown, Green, Longmans & Roberts |c 1857 |
| 300 | |a 2 volúmenes. | ||
| 500 | |a Front. v.1, india fueguina e hijo; ilustraciones y un mapa | ||
| 583 | |a last modification |c 20130913 05:32:25 |k Rodrigo Vera | ||
| 650 | 0 | |a Viajes |9 257115 | |
| 650 | 0 | |a Aborígenes |9 329972 | |
| 650 | 0 | |a Fueguinos |9 417010 | |
| 650 | 0 | |a Onas |9 409869 | |
| 650 | 0 | |a Alacalufes |9 267400 | |
| 650 | 0 | |a Antropología cultural |9 269905 | |
| 650 | 0 | |a Flora y fauna |9 338564 | |
| 650 | 0 | |a Recursos naturales |9 255232 | |
| 650 | 7 | |a BALLENEROS |2 CL-VaPUC |9 504565 | |
| 650 | 0 | |a Ilustraciones |9 369481 | |
| 650 | 0 | |a Mapas |9 260844 | |
| 651 | 0 | |a Tierra del Fuego |9 345728 | |
| 651 | 7 | |a ISLAS FALKLAND |2 CL-VaPUC |9 504572 | |
| 651 | 0 | |a Canal Beagle |9 266960 | |
| 651 | 0 | |a Estrecho de Magallanes |9 354479 | |
| 651 | 7 | |a MONTEVIDEO |2 CL-VaPUC |9 368778 | |
| 651 | 0 | |a Patagonia |9 269580 | |
| 651 | 7 | |a BUENOS AIRES |2 CL-VaPUC |9 255286 | |
| 651 | 7 | |a ESTRECHO DE LE MAIRE |2 CL-VaPUC |9 505616 | |
| 942 | |c BK |2 ddc | ||
| 945 | |d 20070124 00:00:00 |a rinostro | ||
| 952 | |0 0 |1 0 |4 0 |6 910_400000000000000_PAR_1857 |7 0 |8 X |9 398096 |a FDOBUD |b FDOBUD |d 2019-11-22 |h v.1 |i 1005936 |o 910.4 PAR 1857 |p 1005936 |r 2019-11-22 |t 1 |w 2019-11-22 |y BK_X |k BUD | ||
| 952 | |0 0 |1 0 |4 0 |6 910_400000000000000_PAR_1857 |7 0 |8 X |9 398097 |a FDOBUD |b FDOBUD |d 2019-11-22 |h v.2 |i 1005944 |o 910.4 PAR 1857 |p 1005944 |r 2019-11-22 |t 1 |w 2019-11-22 |y BK_X |k BUD | ||